000 01019nam a2200313 a 4500
008
020 _a0853127727 (cased)
049 _aMAIN
090 _aQA276
_bAPP
245 0 0 _aApplied statistics algorithms /
_ceditors, P. Griffiths and I.D. Hill.
260 _aChichester :
_bPublished by E. Horwood for the Royal Statistical Society, London,
_c1985.
300 _a307 p. ;
_c25 cm.
440 0 _aEllis Horwood series in mathematics and its applications.
504 _aIncludes bibliographical references.
500 _aIncludes index.
650 0 _aMathematical statistics
_xData processing.
650 0 _aStatistics
_xData processing.
650 0 _aComputer algorithms.
650 2 _aAlgorithms.
650 2 _aAutomatic Data Processing.
650 2 _aStatistics.
700 1 _aGriffiths, P.
700 1 _aHill, I. D.
907 _a.b10046690
_b16-08-11
_c17-04-03
003
005 20230123133218.0
040 _cNUST
942 _cBOOKS
_kQA276
_mAPP
999 _c144677
_d144677